000 00439nam a2200169 a 4500
001 0000-9362
003 ELIB.Books
008 110520 1997
035 _a(ELIB.Books)0000-9514
082 _a222
_bFri
100 _aFriedman, Richard Elliott
245 _aWho Wrote the Bible?
260 _bNew York: HarperSanFrancisco
_c1997
650 _aBible- Old Testament
942 _2ddc
_cBK
998 _cbat
_e2011-05-20
999 _c9362
_d9362